Markets (Record no. 83017)

MARC details
000 -LEADER
fixed length control field 01141cab a22002055a 4500
001 - CONTROL NUMBER
control field L152598
008 - FIXED-LENGTH DATA ELEMENTS--GENERAL INFORMATION
fixed length control field 110331e20110211xxk 000 0 eng d
035 ## - SYSTEM CONTROL NUMBER
System control number (Sirsi) u152598
041 0# - LANGUAGE CODE
Language code of text/sound track or separate title eng
100 1# - MAIN ENTRY--PERSONAL NAME
Personal name Sandher, Hardeep
245 00 - TITLE STATEMENT
Title Markets
Remainder of title Midtown
260 ## - PUBLICATION, DISTRIBUTION, ETC.
Date of publication, distribution, etc. 2011
490 #0 - SERIES STATEMENT
Series statement Property Week
Volume/sequential designation 77(6) 11 February 2011, 49-54(5)
520 ## - SUMMARY, ETC.
Summary, etc. Developers in London's Midtown will return in 2011 to speculative office building as the pipeline of new available space shrinks. Crossrail's £1bn station development will inspire revitalisation in the Tottenham Court Road area. Farebrother reports in its latest Midtown office report that Midtown has the lowest percentage of available space compared to the City and the West End and expects this to shrink a further 16% this year. Great Ormond Street is halfway through its £343m redevelopment. Covent Garden residential prices now 30% higher than previous 2007 peak.
590 ## - LOCAL NOTE (RLIN)
Local note KA
651 #4 - SUBJECT ADDED ENTRY--GEOGRAPHIC NAME
Geographic name London
690 ## - LOCAL SUBJECT ADDED ENTRY--TOPICAL TERM (OCLC, RLIN)
Topical term or geographic name as entry element PROPERTY-COMMERCIAL PROPERTY-COMMERCIAL PROPERTY MARKET
690 ## - LOCAL SUBJECT ADDED ENTRY--TOPICAL TERM (OCLC, RLIN)
Topical term or geographic name as entry element PROPERTY-COMMERCIAL PROPERTY-COMMERCIAL PROPERTY FINANCE AND INVESTMENT
942 ## - ADDED ENTRY ELEMENTS (KOHA)
Suppress in OPAC 0
Holdings
Withdrawn status Lost status Source of classification or shelving scheme Damaged status Not for loan Home library Current library Shelving location Date acquired Total Checkouts Full call number Barcode Date last seen Copy number Price effective from Koha item type
    Dewey Decimal Classification     London London Journal article 31/03/2011   L152598 152598-1001 06/08/2019 1 06/08/2019 Journal article